01689cam a22003857a 4500003000500000005001700005008004100022010000800063011000900071035000800080040000900088090001000097100005200107245012000159260004200279300002200321502006500343590003700408590004100445590004100486590004100527590004200568650003100610650003600641650005800677901000700735942000900742949004000751949005300791949005300844999001300897952013300910952013301043952012701176CHAP20220329132954.0971013s1990 r 00010 d a808 a1780 a957 cCHAP aTesis00aVicencio de la Rosa, María Guadalupe.9119054 0aEstudio de la resistencia a la sanidad en cultivos in vitro e in vivo de maíz (Zea mays L.) variedad zacatecas 58 aMontecillo, Méx. :bEl autor,c1990 a118 p.b: cuadros aTesis (M.C. Esp. en Genética) -- C.P. Centro de Genética aALEPHb10c20130110lUCH01h1206 aBATCH-UPDb10c20130110lUCH01h1449 aBATCH-UPDb10c20130410lUCH01h0916 aBATCH-UPDb10c20130914lUCH01h1746 aCONVERSIONb10c20130109lUCH01h130214aMaízxAnálisis.97086114aMaízxInvestigación.97098414aMaízxVariedades resistentes a enfermedades.971082 aBK cFOLL bBCcTESd-10418eTS1h23054i957si bBCcTESd33724000633541eTS2fc.3h31063i957si bBCcTESd33724000688933eTS2fc.2h23055i957si c808d808 00102local4053708TESISaBCbBCcPA_TESISd2019-12-31fTESISl0p33724000633541r2019-12-31 00:00:00tc.3w2019-12-31yTESIS 00102local4053708TESISaBCbBCcPA_TESISd2019-12-31fTESISl0p33724000688933r2019-12-31 00:00:00tc.2w2019-12-31yTESIS 00102local4051708TESISaBCbBCcPA_TESISd2019-12-31fTESISl0oTesisp-10418r2019-12-31 00:00:00w2019-12-31yTESIS